| 000 | 00763nam a2200181 a 4500 | ||
|---|---|---|---|
| 008 | 120416s1983 ||||||||||||||||| || u | ||
| 050 | _aHD 58.7 Fel | ||
| 100 | _aFeldman, Daniel C | ||
| 245 | 1 | 0 | _aManaging individual and group behaviour in organizations |
| 250 | _aInternatio | ||
| 260 |
_aAuckland _bMcGraw-Hill _c1983 |
||
| 300 | _axxii, 613p. : ill | ||
| 350 | _a0.00 | ||
| 650 | 0 | _aMANAGEMENT | |
| 650 | _aORGANIZATIONAL BEHAVIOUR | ||
| 995 |
_aMAIN LIBRARY OPEN ACCESS _D0.00 _e709347 _FCBU-MAIN LIBRARY (Kitwe) _H1 _I10.90 _jHD 58.7 Fel _M2 _ULOST _VMar 11, 2013 _y003594 _ZMain Library Open Access Collection |
||
| 995 |
_aBINDERY (DAMAGED) _D0.00 _e709348 _FCBU-MAIN LIBRARY (Kitwe) _H2 _I10.90 _jHD 58.7 Fel _M1 _UDAMAGED _y003593 _ZMain Library Open Access Collection |
||
| 999 |
_c82553 _d82553 |
||